| 000 | 00554nam a2200217 a 4500 | ||
|---|---|---|---|
| 001 | BRCA_6928 | ||
| 005 | 20190320205638.0 | ||
| 008 | 161111s1934----u--#######---#000-0#eng-# | ||
| 041 | _aeng | ||
| 044 | _au | ||
| 050 | 4 |
_aPZ3 _b.G374 1934 |
|
| 100 | 1 |
_aGardner, Erle Stanley _d1889-1970 _910568 |
|
| 245 | 1 | 0 | _aThe case of the howling dog |
| 260 |
_aFiladelfia _bBlakiston Company _cc1934 |
||
| 300 |
_a295 p. _c20 cm. |
||
| 440 | 0 |
_aTriangle Books _917266 |
|
| 500 | _aO147 | ||
| 650 | 1 | 4 |
_aNovelas policĂacas _9877 |
| 902 | _aGFM | ||
| 942 |
_2lcc _cB |
||
| 999 |
_c6610 _d6610 |
||